[Event "Ruhrgebiet Regionalliga 1415"]
[Site "Germany"]
[Date "2015.03.15"]
[Round "7.8"]
[White "Krieglstein, Marcel"]
[Black "Schaller, Fabian"]
[Result "0-1"]
[WhiteElo "1799"]
[BlackElo "1896"]
[PlyCount "84"]
[EventDate "2014.09.28"]
[EventType "team-tourn"]
[EventRounds "9"]
[EventCountry "GER"]
[SourceTitle "EXT 2022"]
[Source "ChessBase"]
[SourceDate "2021.10.06"]
[SourceVersion "1"]
[SourceVersionDate "2021.10.06"]
[SourceQuality "1"]
[WhiteTeam "Holsterhausen SK"]
[BlackTeam "Welper SV"]
[WhiteTeamCountry "GER"]
[BlackTeamCountry "GER"]

1. d4 Nf6 2. c4 e6 3. g3 d5 4. cxd5 exd5 5. Bg2 c6 6. Nf3 Bd6 7. 0-0 h6 8. Nc3 0-0 9. a4 a5 10. Qc2 Be6 11. Bd2 Na6 12. Rac1 Re8 13. Ne5 Nb4 14. Qb1 Bxe5 15. dxe5 Ng4 16. f4 Qb6+ 17. Kh1 Nf2+ 18. Rxf2 Qxf2 19. Rf1 Qd4 20. Bc1 g6 21. Rd1 Qc5 22. h3 h5 23. e3 Rad8 24. Rf1 Qe7 25. Kh2 Kg7 26. Bf3 Bf5 27. e4 dxe4 28. Bxe4 Bxe4 29. Qxe4 Nd5 30. Bd2 Qe6 31. Ne2 Nb4 32. Bc3 Qd5 33. Qe3 Qd3 34. Qf2 Nd5 35. Bd4 Ne7 36. Bc3 Nf5 37. Bxa5 Rd5 38. Bc3 Qe3 39. Qg2 Red8 40. g4 hxg4 41. e6+ f6 42. Qxg4 Rd2 0-1

[Event "Ruhrgebiet Verbandsklasse Gruppe 3 1415"]
[Site "Germany"]
[Date "2015.01.18"]
[Round "5"]
[White "Schaller, Fabian"]
[Black "Jungbluth, Michael"]
[Result "1/2-1/2"]
[WhiteElo "1896"]
[BlackElo "1961"]
[PlyCount "105"]
[EventDate "2014.09.21"]
[EventType "team-tourn"]
[EventRounds "9"]
[EventCountry "GER"]
[SourceTitle "EXT 2022"]
[Source "ChessBase"]
[SourceDate "2021.10.06"]
[SourceVersion "1"]
[SourceVersionDate "2021.10.06"]
[SourceQuality "1"]
[WhiteTeam "Welper SV II"]
[BlackTeam "Wanne-Eickel SV Unser Fritz"]
[WhiteTeamCountry "GER"]
[BlackTeamCountry "GER"]

1. e4 e6 2. d4 d5 3. Nc3 Nf6 4. e5 Nfd7 5. f4 c5 6. Nf3 Nc6 7. Be3 a6 8. Qd2 b5 9. a3 Rb8 10. Ne2 Qb6 11. Rb1 a5 12. f5 b4 13. axb4 Qxb4 14. c3 Qa4 15. Nf4 cxd4 16. Nxd4 Nxd4 17. Bxd4 Nc5 18. fxe6 Bxe6 19. Nd3 Qa2 20. Qd1 Bg4 21. Be2 Bxe2 22. Kxe2 Nxd3 23. Kxd3 Be7 24. Qc2 Qc4+ 25. Ke3 a4 26. Ra1 Rb3 27. Rhb1 0-0 28. Qd3 Qc6 29. Ra2 Rfb8 30. Rf1 Rxb2 31. Rxb2 Rxb2 32. Qf5 Qh6+ 33. Kf3 Qe6 34. Qd3 Qg6 35. Qxg6 hxg6 36. Rc1 a3 37. c4 Rb3+ 38. Ke2 dxc4 39. Rxc4 Rb4 40. Rxb4 Bxb4 41. Kd3 Kh7 42. Kc4 Be7 43. Kb3 g5 44. g4 Kg6 45. h3 f5 46. exf6 gxf6 47. Bf2 f5 48. gxf5+ Kxf5 49. Be3 Kg6 50. Bd2 Bd6 51. Ba5 Kf5 52. Bd8 Kf4 53. Bf6 1/2-1/2

[Event "NRW Verbandsklasse Group2 1314"]
[Site "Nordrheinwestfalen"]
[Date "2014.04.06"]
[Round "9"]
[White "Schaller, Fabian"]
[Black "Jochmann, Christian"]
[Result "1/2-1/2"]
[WhiteElo "1891"]
[BlackElo "1859"]
[PlyCount "54"]
[EventDate "2013.09.08"]
[EventType "team-tourn"]
[EventRounds "9"]
[EventCountry "GER"]
[SourceTitle "EXT 2020"]
[Source "ChessBase"]
[SourceDate "2019.10.17"]
[SourceVersion "1"]
[SourceVersionDate "2019.10.17"]
[SourceQuality "1"]
[WhiteTeam "Welper SV II"]
[BlackTeam "Doppelbauer Brambauer II"]
[WhiteTeamCountry "GER"]
[BlackTeamCountry "GER"]

1. d4 d5 2. c4 e6 3. Nc3 Nf6 4. cxd5 exd5 5. Bg5 Be7 6. e3 0-0 7. Bd3 c6 8. Qc2 Nbd7 9. Nf3 Re8 10. 0-0 Ne4 11. Bxe7 Qxe7 12. a3 Nf8 13. b4 Bg4 14. Ne5 Bh5 15. Nxe4 dxe4 16. Bxe4 f6 17. Bf3 fxe5 18. Bxh5 g6 19. Be2 exd4 20. Bc4+ Kg7 21. exd4 Rad8 22. Qc3 Qf6 23. Rad1 Re4 24. Rfe1 Rdxd4 25. Rxd4 Qxd4 26. Qxd4+ Rxd4 27. Bf1 Kf7 1/2-1/2

[Event "NRW Verbandsklasse Group2 1314"]
[Site "Nordrheinwestfalen"]
[Date "2013.10.13"]
[Round "2.1"]
[White "Patzer, Joerg"]
[Black "Schaller, Fabian"]
[Result "1/2-1/2"]
[WhiteElo "1908"]
[BlackElo "1891"]
[PlyCount "35"]
[EventDate "2013.09.08"]
[EventType "team-tourn"]
[EventRounds "9"]
[EventCountry "GER"]
[SourceTitle "EXT 2020"]
[Source "ChessBase"]
[SourceDate "2019.10.17"]
[SourceVersion "1"]
[SourceVersionDate "2019.10.17"]
[SourceQuality "1"]
[WhiteTeam "Horst Emscher II"]
[BlackTeam "Welper SV II"]
[WhiteTeamCountry "GER"]
[BlackTeamCountry "GER"]

1. f4 g6 2. Nf3 c5 3. e3 Bg7 4. d4 d6 5. Bd3 Nf6 6. 0-0 0-0 7. c3 Re8 8. Na3 Nc6 9. e4 cxd4 10. cxd4 e5 11. fxe5 dxe5 12. d5 Nb4 13. Bb1 Ng4 14. Qe1 Qb6+ 15. Kh1 f5 16. Bd2 Na6 17. Nc4 Qc5 18. Ne3 1/2-1/2

[Event "Ruhrgebiet Regionalliga 1112"]
[Site "Nordrheinwestfalen"]
[Date "2011.10.23"]
[Round "2.8"]
[White "Schaller, Fabian"]
[Black "Seibert, Michael"]
[Result "1-0"]
[WhiteElo "1781"]
[BlackElo "1947"]
[PlyCount "37"]
[EventDate "2011.09.25"]
[EventType "team-tourn"]
[EventRounds "9"]
[EventCountry "GER"]
[SourceTitle "EXT 2020"]
[Source "ChessBase"]
[SourceDate "2019.10.17"]
[SourceVersion "1"]
[SourceVersionDate "2019.10.17"]
[SourceQuality "1"]
[WhiteTeam "Welper SV"]
[BlackTeam "Oberhausen SV II"]
[WhiteTeamCountry "GER"]
[BlackTeamCountry "GER"]

1. e4 c5 2. Nf3 g6 3. d4 cxd4 4. Nxd4 Bg7 5. Be3 Nc6 6. Nc3 Nf6 7. Nxc6 bxc6 8. e5 Ng8 9. f4 d5 10. b4 a5 11. b5 Bd7 12. bxc6 Bxc6 13. Bb5 Bxb5 14. Nxb5 e6 15. Nd6+ Kf8 16. Bc5 Ne7 17. Rb1 Kg8 18. Rb7 Bf8 19. Bb6 1-0

[Event "GER-ch Net qual3 U18"]
[Site "Playchess.com INT"]
[Date "2011.05.08"]
[Round "3"]
[White "Leeb, Jonas"]
[Black "Schaller, Fabian"]
[Result "0-1"]
[WhiteElo "1421"]
[BlackElo "1939"]
[PlyCount "188"]
[EventDate "2011.05.08"]
[EventType "swiss (blitz)"]
[EventRounds "7"]
[EventCountry "GER"]
[SourceTitle "CBM 142 Extra"]
[Source "ChessBase"]
[SourceDate "2011.06.27"]
[SourceVersion "1"]
[SourceVersionDate "2011.06.27"]
[SourceQuality "1"]

1. b3 Nf6 2. Bb2 e6 3. Nf3 Be7 4. e3 b6 5. g3 Bb7 6. Bg2 d5 7. d4 Nbd7 8. 0-0 0-0 9. Nbd2 c5 10. Rc1 Rc8 11. c4 cxd4 12. Nxd4 Nc5 13. cxd5 Bxd5 14. N2f3 Be4 15. Nb5 a6 16. Nc3 Bg6 17. Qxd8 Rfxd8 18. Rcd1 Nd3 19. Ba1 Bb4 20. Na4 b5 21. Nb2 Nxb2 22. Bxb2 Nd5 23. Rc1 Bd3 24. Rxc8 Rxc8 25. Rc1 Rxc1+ 26. Bxc1 Nc3 27. a3 Ne2+ 28. Kh1 Nxc1 29. axb4 Nxb3 30. Ne5 Be2 31. Bb7 a5 32. bxa5 Nxa5 33. Ba6 f6 34. Nd7 Bf3+ 35. Kg1 b4 36. Nc5 b3 37. Bd3 Bd5 38. Kf1 f5 39. Ke2 g6 40. f3 e5 41. e4 fxe4 42. fxe4 Be6 43. Kd2 Bf7 44. Kc3 Nc6 45. Nxb3 Bxb3 46. Kxb3 Nd4+ 47. Kc4 Kg7 48. Kd5 Kf6 49. h4 h5 50. Kd6 Nf3 51. Kd7 Nd2 52. Ke8 Nf3 53. Kf8 Nd4 54. Kg8 Ne6 55. Kh8 Nf8 56. Kg8 Ne6 57. Kh7 Nf8+ 58. Kh6 Ne6 59. Bb1 Nf8 60. Bd3 Ne6 61. Bc2 Nf8 62. Ba4 Ne6 63. Bb3 Nf8 64. Bd5 Nd7 65. Kh7 Nf8+ 66. Kg8 Nd7 67. Bc6 Nc5 68. Bd5 Nd7 69. Bf7 Nc5 70. Bd5 Nd3 71. Kf8 Nf2 72. Ke8 Nh1 73. g4 hxg4 74. Bc4 g3 75. Bf1 Nf2 76. Bg2 Ng4 77. Kd7 Ne3 78. Bf3 g2 79. Bxg2 Nxg2 80. Kd6 Nxh4 81. Kd5 g5 82. Kc4 g4 83. Kd3 g3 84. Ke2 g2 85. Kf2 Kg5 86. Kg1 Kf4 87. Kf2 Kxe4 88. Kg1 Kf4 89. Kf2 e4 90. Kg1 e3 91. Kh2 e2 92. Kh3 e1Q 93. Kh2 g1Q+ 94. Kh3 Qeg3# 0-1